[Event "HUN-chT1 Maroczy 2324"]
[Site "Hungary"]
[Date "2023.12.10"]
[Round "5.4"]
[White "Konnyu, Janos"]
[Black "Egyed, Gabor"]
[Result "1/2-1/2"]
[WhiteElo "2334"]
[BlackElo "2159"]
[PlyCount "21"]
[EventDate "2023.10.08"]
[EventType "team-tourn"]
[EventRounds "11"]
[EventCountry "HUN"]
[SourceTitle "EXT 2025"]
[Source "ChessBase"]
[SourceDate "2024.10.14"]
[SourceVersion "1"]
[SourceVersionDate "2024.10.14"]
[SourceQuality "1"]
[WhiteTeam "Kobanya Aquarena II"]
[BlackTeam "Kisujszallas"]
[WhiteTeamCountry "HUN"]
[BlackTeamCountry "HUN"]

1. e4 d6 2. d4 Nf6 3. Nc3 e5 4. dxe5 dxe5 5. Qxd8+ Kxd8 6. Bg5 Be6 7. 0-0-0+ Nbd7 8. f4 exf4 9. Nge2 c6 10. Nxf4 Kc7 11. Nxe6+ 1/2-1/2

[Event "HUN-chT 2223"]
[Site "Hungary"]
[Date "2023.04.22"]
[Round "8.12"]
[White "Sulyok, Eszter"]
[Black "Konnyu, Janos"]
[Result "0-1"]
[WhiteElo "2008"]
[BlackElo "2332"]
[PlyCount "82"]
[EventDate "2022.11.20"]
[EventType "team-tourn"]
[EventRounds "9"]
[EventCountry "HUN"]
[SourceTitle "EXT 2024"]
[Source "ChessBase"]
[SourceDate "2023.10.10"]
[SourceVersion "1"]
[SourceVersionDate "2023.10.10"]
[SourceQuality "1"]
[WhiteTeam "Biatorbagy"]
[BlackTeam "Kobanya Aquarena"]
[WhiteTeamCountry "HUN"]
[BlackTeamCountry "HUN"]

1. c4 Nf6 2. Nc3 g6 3. e4 d6 4. d4 Bg7 5. f3 0-0 6. Be3 Nc6 7. Qd2 a6 8. Nge2 Rb8 9. Rc1 Bd7 10. Ng3 e5 11. d5 Nd4 12. Nce2 Nxe2 13. Bxe2 h5 14. h4 Nh7 15. Bf2 b6 16. b4 a5 17. a3 axb4 18. axb4 Ra8 19. 0-0 Bf6 20. c5 bxc5 21. bxc5 Bxh4 22. c6 Bg5 23. Be3 Bc8 24. Ra1 Rxa1 25. Rxa1 h4 26. Nf1 f5 27. Ra8 Qf6 28. exf5 Bxf5 29. Rxf8+ Kxf8 30. Qa5 Qf7 31. Bxg5 Nxg5 32. Ne3 h3 33. Nxf5 gxf5 34. f4 exf4 35. Qc3 Qg7 36. Qb3 Qe7 37. Qb8+ Kg7 38. Qb2+ Kh7 39. Qc2 Qe3+ 40. Kh1 hxg2+ 41. Kxg2 Qe4+ 0-1

[Event "HUN-chT1 Maroczy 2223"]
[Site "Hungary"]
[Date "2022.12.04"]
[Round "2.3"]
[White "Konnyu, Janos"]
[Black "Miszler, Levente"]
[Result "1/2-1/2"]
[WhiteElo "2333"]
[BlackElo "2267"]
[PlyCount "31"]
[EventDate "2022.11.20"]
[EventType "team-tourn"]
[EventRounds "9"]
[EventCountry "HUN"]
[SourceTitle "EXT 2025"]
[Source "ChessBase"]
[SourceDate "2024.10.14"]
[SourceVersion "1"]
[SourceVersionDate "2024.10.14"]
[SourceQuality "1"]
[WhiteTeam "Budapest Kobanya II"]
[BlackTeam "Meritum Egyesulet"]
[WhiteTeamCountry "HUN"]
[BlackTeamCountry "HUN"]

1. e4 e6 2. d4 d5 3. Nc3 Nf6 4. Bg5 dxe4 5. Nxe4 Be7 6. Bxf6 gxf6 7. Nf3 f5 8. Ned2 c5 9. Nb3 cxd4 10. Bb5+ Bd7 11. Nfxd4 a6 12. Be2 Nc6 13. Bf3 Qc7 14. Qe2 0-0-0 15. 0-0-0 Bf6 16. Nxc6 1/2-1/2

[Event "HUN-chT1 Maroczy 2122"]
[Site "Hungary"]
[Date "2021.12.05"]
[Round "5.2"]
[White "Konnyu, Janos"]
[Black "Torok, Sandor"]
[Result "1/2-1/2"]
[WhiteElo "2340"]
[BlackElo "2191"]
[PlyCount "94"]
[EventDate "2021.10.10"]
[EventType "team-tourn"]
[EventRounds "11"]
[EventCountry "HUN"]
[SourceTitle "EXT 2025"]
[Source "ChessBase"]
[SourceDate "2024.10.14"]
[SourceVersion "1"]
[SourceVersionDate "2024.10.14"]
[SourceQuality "1"]
[WhiteTeam "Aquarena Kobanya II"]
[BlackTeam "Vasas"]
[WhiteTeamCountry "HUN"]
[BlackTeamCountry "HUN"]

1. e4 c5 2. Nf3 Nc6 3. Nc3 e5 4. Bc4 d6 5. d3 Be7 6. a3 Nf6 7. Bg5 Be6 8. Bxf6 Bxf6 9. Nd5 a6 10. 0-0 0-0 11. c3 b5 12. Ba2 Rb8 13. Ne1 Bxd5 14. Bxd5 Ne7 15. a4 Nxd5 16. exd5 b4 17. c4 e4 18. Rb1 Re8 19. dxe4 Rxe4 20. b3 Qe7 21. Nc2 Bc3 22. Rc1 Re8 23. Ne3 g6 24. Qd3 Qe5 25. Rcd1 f5 26. g3 Kg7 27. Ng2 g5 28. h4 h6 29. Kh2 f4 30. gxf4 gxf4 31. Qf3 Kh7 32. Rg1 Qf6 33. Kh1 Kh8 34. Rd3 Bd4 35. Rdd1 a5 36. Rde1 Rxe1 37. Rxe1 Rxe1+ 38. Nxe1 Qxh4+ 39. Kg2 Qg5+ 40. Kf1 Qf5 41. Qd3 Qf6 42. Qh3 Qg6 43. Qd3 Kg7 44. Qxg6+ Kxg6 45. f3 Be3 46. Kg2 Kf5 47. Nd3 Bd4 1/2-1/2

[Event "HUN-chT 1819"]
[Site "Hungary"]
[Date "2019.04.27"]
[Round "8.1"]
[White "Konnyu, Janos"]
[Black "Lizak, Peter"]
[Result "1/2-1/2"]
[WhiteElo "2349"]
[BlackElo "2468"]
[PlyCount "54"]
[EventDate "2018.11.17"]
[EventType "team-tourn"]
[EventRounds "9"]
[EventCountry "HUN"]
[SourceTitle "CBM 190 Extra"]
[Source "ChessBase"]
[SourceDate "2019.07.15"]
[SourceVersion "1"]
[SourceVersionDate "2019.07.15"]
[SourceQuality "1"]
[WhiteTeam "Kobanya Aquarena"]
[BlackTeam "Paks"]
[WhiteTeamCountry "HUN"]
[BlackTeamCountry "HUN"]

1. e4 e6 2. d4 d5 3. Nd2 h6 4. e5 c5 5. f4 Nc6 6. Ngf3 Qb6 7. c4 cxd4 8. cxd5 exd5 9. Bd3 Nge7 10. Nb3 Nf5 11. Bxf5 Bxf5 12. Nfxd4 Be4 13. 0-0 a5 14. Be3 a4 15. Nf5 Qb4 16. Nbd4 Nxd4 17. Nxd4 Be7 18. Rf2 0-0 19. f5 Bh4 20. g3 Bg5 21. Bxg5 hxg5 22. f6 Rae8 23. Nf5 Bxf5 24. Rxf5 Qe4 25. fxg7 Qxf5 26. gxf8Q+ Kxf8 27. Qxd5 Qxe5 1/2-1/2

[Event "HUN-chT 1819"]
[Site "Hungary"]
[Date "2018.11.17"]
[Round "1.3"]
[White "Szeberenyi, Adam"]
[Black "Konnyu, Janos"]
[Result "1-0"]
[WhiteElo "2377"]
[BlackElo "2349"]
[PlyCount "75"]
[EventDate "2018.11.17"]
[EventType "team-tourn"]
[EventRounds "9"]
[EventCountry "HUN"]
[SourceTitle "CBM 187 Extra"]
[Source "ChessBase"]
[SourceDate "2018.11.04"]
[SourceVersion "1"]
[SourceVersionDate "2018.11.04"]
[SourceQuality "1"]
[WhiteTeam "Penzugyor"]
[BlackTeam "Kobanya Aquarena"]
[WhiteTeamCountry "HUN"]
[BlackTeamCountry "HUN"]

1. d4 Nf6 2. c4 g6 3. Nc3 Bg7 4. Nf3 d6 5. Bg5 0-0 6. e3 c6 7. Be2 a6 8. 0-0 b5 9. a3 Nbd7 10. Qc2 Bb7 11. Rfd1 bxc4 12. Bxc4 c5 13. Bxf6 Bxf6 14. Bd5 Bxd5 15. Nxd5 Bg7 16. dxc5 Nxc5 17. Rac1 a5 18. b4 axb4 19. axb4 Na4 20. Qc7 Qxc7 21. Rxc7 e6 22. Ne7+ Kh8 23. h4 Nc3 24. Rd3 Ra1+ 25. Kh2 Ne4 26. Rc2 Rb1 27. Nc6 Bf6 28. g3 Rc8 29. Kg2 Bd8 30. Rd4 f5 31. Nd2 Nxd2 32. Rdxd2 d5 33. Nd4 Rb8 34. Nxe6 R1xb4 35. Rxd5 Bf6 36. Rd7 Re4 37. Rc6 Re8 38. Nc5 1-0

[Event "HUN-chT 1718"]
[Site "Hungary"]
[Date "2018.05.05"]
[Round "8.7"]
[White "Konnyu, Janos"]
[Black "Kozak, Adam"]
[Result "0-1"]
[WhiteElo "2366"]
[BlackElo "2422"]
[PlyCount "66"]
[EventDate "2017.11.25"]
[EventType "team-tourn"]
[EventRounds "9"]
[EventCountry "HUN"]
[SourceTitle "EXT 2019"]
[Source "ChessBase"]
[SourceDate "2018.10.10"]
[SourceVersion "1"]
[SourceVersionDate "2018.10.10"]
[SourceQuality "1"]
[WhiteTeam "Kobanya Aquarena"]
[BlackTeam "DVTK"]
[WhiteTeamCountry "HUN"]
[BlackTeamCountry "HUN"]

1. e4 e5 2. Nf3 Nc6 3. d4 exd4 4. Nxd4 Nf6 5. Nxc6 bxc6 6. Qe2 d6 7. Nc3 Be7 8. Bd2 0-0 9. 0-0-0 Re8 10. h3 Nd7 11. g4 Bf6 12. f4 Bb7 13. Bg2 Rb8 14. g5 Bd4 15. h4 c5 16. Qd3 Qc8 17. g6 fxg6 18. h5 gxh5 19. Rxh5 Nf6 20. Rh2 Bxe4 21. Bxe4 Rxe4 22. Rdh1 Qe6 23. Rxh7 Nxh7 24. Nxe4 Bxb2+ 25. Kd1 Qg4+ 26. Ke1 Re8 27. Kf1 Bd4 28. c3 Nf6 29. Qc4+ Re6 30. Nxf6+ Bxf6 31. Qd5 c6 32. Qh5 Qxh5 33. Rxh5 Re4 0-1

[Event "Budapest-chT1 Lilienthal 1718"]
[Site "Budapest"]
[Date "2017.12.10"]
[Round "5"]
[White "Furedi, Erik"]
[Black "Konnyu, Janos"]
[Result "1/2-1/2"]
[WhiteElo "2318"]
[BlackElo "2366"]
[PlyCount "44"]
[EventDate "2017.10.01"]
[EventType "team-tourn"]
[EventRounds "13"]
[EventCountry "HUN"]
[SourceTitle "EXT 2021"]
[Source "ChessBase"]
[SourceDate "2020.10.23"]
[SourceVersion "1"]
[SourceVersionDate "2020.10.23"]
[SourceQuality "1"]
[WhiteTeam "Budapest Vasas II"]
[BlackTeam "SENSE"]
[WhiteTeamCountry "HUN"]
[BlackTeamCountry "HUN"]

1. e4 c5 2. Nf3 Nc6 3. d4 cxd4 4. Nxd4 g6 5. c4 Bg7 6. Be3 Nf6 7. Nc3 Ng4 8. Qxg4 Nxd4 9. Qd1 Ne6 10. Qd2 Qa5 11. Rc1 b6 12. Bd3 Bb7 13. 0-0 g5 14. Rfd1 d6 15. Nd5 Qxd2 16. Rxd2 Rc8 17. b4 Be5 18. f3 Bxd5 19. exd5 Bf4 20. Bxf4 Nxf4 21. g3 Ng6 22. Bxg6 hxg6 1/2-1/2

[Event "HUN-chT 1617"]
[Site "Hungary"]
[Date "2017.03.12"]
[Round "7.8"]
[White "Konnyu, Janos"]
[Black "Bakos, Balazs"]
[Result "1-0"]
[WhiteElo "2339"]
[BlackElo "2412"]
[PlyCount "93"]
[EventDate "2016.10.30"]
[EventType "team-tourn"]
[EventRounds "9"]
[EventCountry "HUN"]
[SourceTitle "EXT 2018"]
[Source "ChessBase"]
[SourceDate "2017.10.13"]
[SourceVersion "1"]
[SourceVersionDate "2017.10.13"]
[SourceQuality "1"]
[WhiteTeam "Kobanya Aquarena"]
[BlackTeam "Penzugyor"]
[WhiteTeamCountry "HUN"]
[BlackTeamCountry "HUN"]

1. e4 c6 2. d4 d5 3. e5 Bf5 4. Nf3 e6 5. Be2 f6 6. exf6 Nxf6 7. 0-0 Bd6 8. c4 0-0 9. Nc3 Nbd7 10. Bg5 h6 11. Bh4 Qb8 12. Bg3 Nh5 13. Nh4 Nhf6 14. cxd5 cxd5 15. Rc1 a6 16. Bd3 Bxg3 17. hxg3 Bxd3 18. Qxd3 e5 19. Nxd5 Nxd5 20. dxe5 N7b6 21. Ng6 Re8 22. a4 a5 23. Rc5 Rxe5 24. Nxe5 Qxe5 25. Qb3 Qe6 26. Rb5 Rd8 27. Rd1 Rd6 28. Rxa5 Kh8 29. Rb5 Nf6 30. Qxe6 Rxe6 31. a5 Nc4 32. b3 Nd6 33. Rb6 Nfe8 34. b4 Re4 35. Rb1 Kh7 36. b5 Nc4 37. Rxb7 Nxa5 38. Ra7 Nc4 39. b6 Nxb6 40. Rxb6 h5 41. f3 Re2 42. Kf1 Re5 43. Kf2 Kg8 44. Rbb7 Rc5 45. Re7 Rc8 46. Re5 Nf6 47. Rg5 1-0

[Event "HUN-chT 1617"]
[Site "Hungary"]
[Date "2016.11.27"]
[Round "3.9"]
[White "Konnyu, Janos"]
[Black "Hajnal, Zoltan"]
[Result "1-0"]
[WhiteElo "2339"]
[BlackElo "2375"]
[PlyCount "65"]
[EventDate "2016.10.30"]
[EventType "team-tourn"]
[EventRounds "9"]
[EventCountry "HUN"]
[SourceTitle "EXT 2018"]
[Source "ChessBase"]
[SourceDate "2017.10.13"]
[SourceVersion "1"]
[SourceVersionDate "2017.10.13"]
[SourceQuality "1"]
[WhiteTeam "Kobanya Aquarena"]
[BlackTeam "Mako Duocor"]
[WhiteTeamCountry "HUN"]
[BlackTeamCountry "HUN"]

1. e4 e5 2. Nf3 Nc6 3. Bc4 Bc5 4. b4 Bxb4 5. c3 Bc5 6. d4 exd4 7. 0-0 d6 8. cxd4 Bb6 9. Bg5 Nf6 10. d5 Ne5 11. Bb5+ Bd7 12. Nc3 Bxb5 13. Nxb5 h6 14. Bh4 Ng6 15. Bxf6 Qxf6 16. Rc1 Rc8 17. Nxa7 Ra8 18. Nb5 0-0 19. a4 Rfe8 20. Rxc7 Rxe4 21. Rxb7 Bc5 22. h3 Raxa4 23. Rb8+ Kh7 24. Nc3 Rac4 25. Nxe4 Rxe4 26. Qd3 Qe7 27. Rb7 Qxb7 28. Qxe4 Kg8 29. h4 Ne7 30. Re1 Nc8 31. Qe8+ Kh7 32. Qc6 Qb8 33. Qd7 1-0

[Event "HUN-chT 1516"]
[Site "Hungary"]
[Date "2016.03.20"]
[Round "6.5"]
[White "Sedlak, Nikola"]
[Black "Konnyu, Janos"]
[Result "0-1"]
[WhiteElo "2557"]
[BlackElo "2338"]
[PlyCount "90"]
[EventDate "2015.11.07"]
[EventType "team-tourn"]
[EventRounds "11"]
[EventCountry "HUN"]
[SourceTitle "CBM 171 Extra"]
[Source "ChessBase"]
[SourceDate "2016.04.26"]
[SourceVersion "1"]
[SourceVersionDate "2016.04.26"]
[SourceQuality "1"]
[WhiteTeam "Paks"]
[BlackTeam "Kobanya Aquarena"]
[WhiteTeamCountry "HUN"]
[BlackTeamCountry "HUN"]

1. d4 Nf6 2. Nf3 g6 3. Bg5 Bg7 4. Nbd2 d5 5. e3 0-0 6. c3 b6 7. a4 c5 8. Be2 Nc6 9. 0-0 Bb7 10. Qb3 Na5 11. Qa3 Rc8 12. Rfd1 c4 13. Ne5 Re8 14. Rac1 Ne4 15. Nxe4 dxe4 16. Bg4 Qd6 17. Bd7 f6 18. Bxe8 Rxe8 19. Nxc4 Nxc4 20. Qa2 Qd5 21. Bf4 g5 22. Bg3 f5 23. b3 Na5 24. c4 Qf7 25. d5 Bc8 26. b4 Nb7 27. Qd2 Rf8 28. c5 bxc5 29. bxc5 f4 30. exf4 gxf4 31. Bxf4 Qxf4 32. Qxf4 Rxf4 33. d6 exd6 34. cxd6 Bg4 35. Rd5 Be6 36. Rdd1 Bb3 37. Rd2 Bxa4 38. Ra2 Bb5 39. d7 Bd4 40. Rc8+ Rf8 41. Rd2 Bb6 42. Rd5 Bxf2+ 43. Kh1 Bxd7 44. Rxf8+ Kxf8 45. Rxd7 e3 0-1

[Event "AUT-chT2W 1415"]
[Site "Austria"]
[Date "2015.01.23"]
[Round "6.6"]
[White "Milanovic, Danilo"]
[Black "Konnyu, Janos"]
[Result "0-1"]
[WhiteElo "2485"]
[BlackElo "2313"]
[PlyCount "92"]
[EventDate "2014.10.10"]
[EventType "team-tourn"]
[EventRounds "11"]
[EventCountry "AUT"]
[SourceTitle "EXT 2016"]
[Source "ChessBase"]
[SourceDate "2015.10.08"]
[SourceVersion "1"]
[SourceVersionDate "2015.10.08"]
[SourceQuality "1"]
[WhiteTeam "Dornbirn"]
[BlackTeam "Ranshofen"]
[WhiteTeamCountry "AUT"]
[BlackTeamCountry "AUT"]

1. d4 Nf6 2. c4 g6 3. Nc3 Bg7 4. e4 d6 5. Nge2 0-0 6. Ng3 e5 7. d5 a5 8. Be2 Na6 9. h4 c6 10. h5 Nc5 11. Be3 cxd5 12. cxd5 Qb6 13. Qd2 a4 14. Rb1 Bd7 15. h6 Bh8 16. 0-0 Qb4 17. f4 a3 18. fxe5 Ng4 19. bxa3 Qxa3 20. Bxg4 Bxg4 21. Bd4 dxe5 22. Bf2 Rfc8 23. Be1 Ra6 24. Qg5 Bd7 25. Qe7 Be8 26. Rf3 Qa5 27. Nb5 Qd8 28. Qxd8 Rxd8 29. Nc7 Rxa2 30. Bf2 Nd7 31. Nxe8 Rxe8 32. Rxb7 Nf6 33. Be3 Ng4 34. Nf1 Ra1 35. Rbxf7 Nxe3 36. g4 Nxg4 37. d6 Rd1 38. Re7 Rd8 39. Rff7 Nxh6 40. Rxh7 Ng4 41. d7 Nf6 42. Rh6 Kf8 43. Rxe5 Kg7 44. Rh3 R8xd7 45. Rg3 Rf7 46. Kg2 Rxf1 0-1

[Event "HUN-chT2 Maroczy 1415"]
[Site "Hungary"]
[Date "2014.12.14"]
[Round "4"]
[White "Vegh, Endre"]
[Black "Konnyu, Janos"]
[Result "1/2-1/2"]
[WhiteElo "2281"]
[BlackElo "2313"]
[PlyCount "27"]
[EventDate "2014.10.12"]
[EventType "team-tourn"]
[EventRounds "9"]
[EventCountry "HUN"]
[SourceTitle "EXT 2016"]
[Source "ChessBase"]
[SourceDate "2015.10.08"]
[SourceVersion "1"]
[SourceVersionDate "2015.10.08"]
[SourceQuality "1"]
[WhiteTeam "Dunaharaszti II"]
[BlackTeam "Kobanya Aquarena"]
[WhiteTeamCountry "HUN"]
[BlackTeamCountry "HUN"]

1. d4 Nf6 2. c4 g6 3. Nc3 Bg7 4. e4 d6 5. f3 0-0 6. Nge2 c5 7. d5 a6 8. a4 e6 9. Bg5 h6 10. Be3 exd5 11. cxd5 Nbd7 12. Ng3 Kh7 13. Be2 Ne5 14. 0-0 1/2-1/2

[Event "HUN-chT2 Maroczy 1415"]
[Site "Hungary"]
[Date "2014.11.30"]
[Round "3"]
[White "Konnyu, Janos"]
[Black "Mokcsay, Robert"]
[Result "1/2-1/2"]
[WhiteElo "2313"]
[BlackElo "2287"]
[PlyCount "34"]
[EventDate "2014.10.12"]
[EventType "team-tourn"]
[EventRounds "9"]
[EventCountry "HUN"]
[SourceTitle "EXT 2016"]
[Source "ChessBase"]
[SourceDate "2015.10.08"]
[SourceVersion "1"]
[SourceVersionDate "2015.10.08"]
[SourceQuality "1"]
[WhiteTeam "Kobanya Aquarena"]
[BlackTeam "Penzugyor II"]
[WhiteTeamCountry "HUN"]
[BlackTeamCountry "HUN"]

1. e4 e5 2. Nf3 Nf6 3. d4 Nxe4 4. dxe5 d5 5. Bd3 Nc6 6. h3 Be7 7. Nc3 Bf5 8. Qe2 Nxc3 9. bxc3 Qd7 10. Rb1 Bxd3 11. Qxd3 b6 12. 0-0 Rd8 13. Rd1 Qe6 14. Bf4 0-0 15. Rb5 h6 16. Kh2 Bc5 17. Bg3 d4 1/2-1/2

[Event "AUT-chT2W 1314"]
[Site "Austria"]
[Date "2014.03.08"]
[Round "10.2"]
[White "Konnyu, Janos"]
[Black "Koepke, Christian"]
[Result "0-1"]
[WhiteElo "2317"]
[BlackElo "2344"]
[PlyCount "108"]
[EventDate "2013.10.18"]
[EventType "team-tourn"]
[EventRounds "11"]
[EventCountry "AUT"]
[SourceTitle "EXT 2015"]
[Source "ChessBase"]
[SourceDate "2014.11.20"]
[SourceVersion "1"]
[SourceVersionDate "2014.11.20"]
[SourceQuality "1"]
[WhiteTeam "Ranshofen"]
[BlackTeam "Kufstein/Woergl"]
[WhiteTeamCountry "AUT"]
[BlackTeamCountry "AUT"]

1. d4 Nf6 2. Bg5 Ne4 3. Bf4 c5 4. f3 Nf6 5. d5 Nh5 6. Bc1 e6 7. Nh3 exd5 8. g4 Nf6 9. g5 Nh5 10. Nc3 d4 11. Nd5 d6 12. e4 h6 13. Rg1 Nc6 14. Nf2 Be6 15. h4 Qd7 16. gxh6 0-0-0 17. f4 g6 18. Be2 Bxh6 19. c4 dxc3 20. bxc3 Bg7 21. Bd2 Nf6 22. f5 Bxd5 23. exd5 Nxd5 24. fxg6 Nxc3 25. Bxc3 Bxc3+ 26. Kf1 Kb8 27. g7 Rhg8 28. Rb1 Rxg7 29. Rxg7 Bxg7 30. Bb5 Bd4 31. Qf3 Ka8 32. Ne4 Qc7 33. Nf6 Bxf6 34. Qxf6 Qd7 35. Qf3 d5 36. h5 Qe6 37. Re1 Ne5 38. Qf4 Qh3+ 39. Kf2 f6 40. Be2 Rg8 41. Rg1 Re8 42. h6 a6 43. Rg2 Nf7 44. Rh2 Qe6 45. Kf1 d4 46. h7 Rh8 47. Bd3 Ng5 48. Qc7 Qe5 49. Qg7 Qxh2 50. Qxh8+ Ka7 51. Qf8 Qf4+ 52. Kg2 Qf3+ 53. Kh2 Qh5+ 54. Kg3 Nxh7 0-1

[Event "HUN-chT2 Maroczy 1314"]
[Site "Hungary"]
[Date "2014.02.02"]
[Round "6"]
[White "Konnyu, Janos"]
[Black "Paschall, William M"]
[Result "1-0"]
[WhiteElo "2320"]
[BlackElo "2394"]
[PlyCount "109"]
[EventDate "2013.09.08"]
[EventType "team-tourn"]
[EventRounds "11"]
[EventCountry "HUN"]
[SourceTitle "EXT 2016"]
[Source "ChessBase"]
[SourceDate "2015.10.08"]
[SourceVersion "1"]
[SourceVersionDate "2015.10.08"]
[SourceQuality "1"]
[WhiteTeam "Budapest Kobanya"]
[BlackTeam "Lila Futo"]
[WhiteTeamCountry "HUN"]
[BlackTeamCountry "HUN"]

1. e4 c5 2. Nf3 Nc6 3. d4 cxd4 4. Nxd4 Nf6 5. Nc3 d6 6. Bg5 e6 7. Qd2 Qb6 8. Bxf6 gxf6 9. Nb3 a6 10. f4 Bd7 11. Be2 h5 12. Bf3 h4 13. 0-0-0 0-0-0 14. Rhe1 Kb8 15. Kb1 Na5 16. Nxa5 Qxa5 17. Qd4 Be7 18. Re3 Qc5 19. Qd2 Rc8 20. Rd3 Be8 21. Ne2 Bb5 22. Rc3 Qf2 23. Rxc8+ Rxc8 24. Qd4 Qxd4 25. Nxd4 Bd7 26. Bg4 Rc4 27. b3 Rc3 28. Rd3 Rxd3 29. cxd3 e5 30. Bxd7 exd4 31. Be8 a5 32. Kc2 Kc7 33. Kd2 d5 34. exd5 Bd6 35. g3 hxg3 36. hxg3 Bb4+ 37. Ke2 Kd6 38. Bxf7 Bc3 39. g4 Bb2 40. Kf3 Bc1 41. Ke4 Ke7 42. Be6 b6 43. Kf5 Ba3 44. g5 fxg5 45. fxg5 Bc1 46. Bc8 b5 47. Ba6 b4 48. d6+ Kxd6 49. Kf6 Bf4 50. g6 Bh6 51. g7 Bxg7+ 52. Kxg7 Ke5 53. Kg6 Kf4 54. Kf6 Ke3 55. Ke5 1-0

[Event "AUT-chT2W 1314"]
[Site "Austria"]
[Date "2014.01.17"]
[Round "6.2"]
[White "Mittelberger, Peter"]
[Black "Konnyu, Janos"]
[Result "0-1"]
[WhiteElo "2247"]
[BlackElo "2317"]
[PlyCount "58"]
[EventDate "2013.10.18"]
[EventType "team-tourn"]
[EventRounds "11"]
[EventCountry "AUT"]
[SourceTitle "EXT 2015"]
[Source "ChessBase"]
[SourceDate "2014.11.20"]
[SourceVersion "1"]
[SourceVersionDate "2014.11.20"]
[SourceQuality "1"]
[WhiteTeam "Dornbirn"]
[BlackTeam "Ranshofen"]
[WhiteTeamCountry "AUT"]
[BlackTeamCountry "AUT"]

1. c4 Nf6 2. Nc3 g6 3. g3 Bg7 4. Bg2 d6 5. e3 0-0 6. Nge2 c6 7. 0-0 e5 8. b4 Be6 9. d3 d5 10. cxd5 cxd5 11. b5 Nbd7 12. a4 Rc8 13. a5 d4 14. exd4 exd4 15. Ne4 Nxe4 16. Bxe4 Nc5 17. Ba3 Bb3 18. Qb1 Nxe4 19. Qxb3 Nd2 20. Qb2 Nf3+ 21. Kg2 Re8 22. Ng1 Ne5 23. Rfd1 Qd5+ 24. f3 Bh6 25. Qa2 Qxb5 26. Bd6 Nxd3 27. Rab1 Qf5 28. g4 Rc2+ 29. Qxc2 Nf4+ 0-1

[Event "Budapest FS08 GM"]
[Site "Budapest"]
[Date "2013.08.12"]
[Round "9"]
[White "Santarius, Erik F"]
[Black "Konnyu, Janos"]
[Result "1-0"]
[WhiteElo "2263"]
[BlackElo "2323"]
[PlyCount "59"]
[EventDate "2013.08.03"]
[EventType "tourn"]
[EventRounds "9"]
[EventCountry "HUN"]
[EventCategory "7"]
[SourceTitle "CBM 155 Extra"]
[Source "ChessBase"]
[SourceDate "2013.08.26"]
[SourceVersion "1"]
[SourceVersionDate "2013.08.26"]
[SourceQuality "1"]

1. e4 c5 2. Nf3 Nc6 3. Bb5 Nf6 4. Nc3 g6 5. e5 Ng4 6. Bxc6 dxc6 7. h3 Nh6 8. g4 Bg7 9. d3 0-0 10. Bf4 f6 11. Qe2 Nxg4 12. hxg4 fxe5 13. Rxh7 Kxh7 14. Ng5+ Kg8 15. Be3 e4 16. 0-0-0 Bd4 17. dxe4 e5 18. Kb1 Kg7 19. Bc1 Qe7 20. Rh1 Rh8 21. Rxh8 Kxh8 22. Nd1 c4 23. c3 Bc5 24. f4 exf4 25. Bxf4 b5 26. Qh2+ Kg8 27. Qh4 Bxg4 28. Qxg4 Rd8 29. Kc2 Qd7 30. Qe6+ 1-0

[Event "Budapest FS08 GM"]
[Site "Budapest"]
[Date "2013.08.11"]
[Round "8"]
[White "Konnyu, Janos"]
[Black "Idani, Pouya"]
[Result "0-1"]
[WhiteElo "2323"]
[BlackElo "2479"]
[PlyCount "48"]
[EventDate "2013.08.03"]
[EventType "tourn"]
[EventRounds "9"]
[EventCountry "HUN"]
[EventCategory "7"]
[SourceTitle "CBM 155 Extra"]
[Source "ChessBase"]
[SourceDate "2013.08.26"]
[SourceVersion "1"]
[SourceVersionDate "2013.08.26"]
[SourceQuality "1"]

1. e4 c5 2. Nf3 d6 3. d4 cxd4 4. Nxd4 Nf6 5. Nc3 a6 6. Bg5 Nbd7 7. f4 Qc7 8. Qf3 b5 9. 0-0-0 Bb7 10. Bd3 g6 11. f5 Bg7 12. fxg6 hxg6 13. Kb1 b4 14. Nce2 Ne5 15. Qe3 Nc4 16. Bxc4 Qxc4 17. Ng3 Ng4 18. Qd2 Rxh2 19. Rxh2 Nxh2 20. Ndf5 gxf5 21. Nxf5 Bf8 22. Bxe7 Bxe7 23. Nxe7 Bxe4 24. Ng8 0-0-0 0-1